[Event "39th Olympiad Men"]
[Site "Khanty-Mansiysk RUS"]
[Date "2010.09.29"]
[Round "8"]
[White "Morrison,G SCO"]
[Black "Svetushkin,D"]
[Result "0-1"]
[WhiteElo "2345"]
[BlackElo "2552"]

1.Nf3 d5 2.c4 c6 3.e3 Nf6 4.Nc3 a6 5.d4 e6 6.c5 Nbd7 7.b4 g6 8.Bb2 Bg7 9.Be2 O-O
10.O-O Qe7 11.Qc2 e5 12.Nxe5 Nxe5 13.dxe5 Qxe5 14.Nb5 Qe7 15.Nd6 Ne8 16.Nxc8 Rxc8
17.Bxg7 Kxg7 18.Qc3+ Nf6 19.Rfd1 Rfe8 20.Qd4 Qe5 21.Qxe5 Rxe5 22.Bd3 g5 23.h3 h5
24.g3 Rce8 25.a4 Nd7 26.Rdc1 Ra8 27.Rab1 Nf8 28.b5 axb5 29.axb5 Ne6 30.bxc6 bxc6
31.Rb6 d4 32.exd4 Nxd4 33.Kg2 Ra3 34.Ba6 Ra2 35.Rd1 Nf5 36.Kf1 Rxc5 37.Bd3 h4
38.g4 Ne7 39.Be4 Ra4 40.Re1 Rac4 41.Rb7 Ng8 42.Bf5 Rc1 43.Be6 Rxe1+ 44.Kxe1 Re5+  0-1

[Event "39th Olympiad Women"]
[Site "Khanty-Mansiysk RUS"]
[Date "2010.09.29"]
[Round "8"]
[White "Bezgodova,S"]
[Black "Marrero Lopez,Yan"]
[Result "0-1"]
[WhiteElo "2120"]
[BlackElo "2324"]

1.Nf3 d5 2.c4 c6 3.g3 Nf6 4.Bg2 Bg4 5.O-O e6 6.d3 Nbd7 7.Be3 Bd6 8.Qb3 Qc7
9.Nc3 O-O 10.Rac1 dxc4 11.Qxc4 Bxf3 12.exf3 Ne5 13.Qd4 c5 14.Qh4 Nxd3 15.Rcd1 Nxb2
16.Nb5 Qc6 17.Rxd6 Qxb5 18.Rb1 Rad8 19.Bf1 c4 20.Rxd8 Rxd8 21.Bd4 g5 22.Qh6 Rxd4
23.Qxf6 Rd2 24.f4 Qc5 25.fxg5 c3 26.h4 c2 27.Rc1 Nd1 28.h5 Nxf2 29.Rxc2 Nh3+  0-1

[Event "39th Olympiad Men"]
[Site "Khanty-Mansiysk RUS"]
[Date "2010.09.30"]
[Round "9"]
[White "Iturrizaga,E"]
[Black "Efimov,Ig"]
[Result "1-0"]
[WhiteElo "2609"]
[BlackElo "2433"]

1.Nf3 d5 2.c4 d4 3.b4 f6 4.e3 e5 5.c5 a5 6.Bb5+ Nc6 7.exd4 e4 8.d5 Qxd5 9.Nc3 Qe6
10.O-O axb4 11.Nxe4 Be7 12.Re1 Qd5 13.Bb2 Bd7 14.Qe2 O-O-O 15.Bc4 Qh5 16.d4 Bf8
17.a3 b3 18.Bc3 Bg4 19.Ng3 Qg6 20.h3 Bd7 21.Bxb3 h5 22.Qa2 h4 23.Ne2 Nh6
24.Nf4 Qh7 25.d5 Nb8 26.c6 bxc6 27.dxc6 Bxc6 28.Be6+ Kb7 29.Rab1+ Ka8 30.Nd4 Rxd4
31.Bxd4 Bd6 32.Qd2 Na6 33.Qa5 Bb7 34.Bd5  1-0

[Event "39th Olympiad Men"]
[Site "Khanty-Mansiysk RUS"]
[Date "2010.09.30"]
[Round "9"]
[White "Daly,C"]
[Black "Glud,J"]
[Result "0-1"]
[WhiteElo "2277"]
[BlackElo "2479"]

1.Nf3 d5 2.c4 dxc4 3.Qa4+ c6 4.Qxc4 Nf6 5.d4 Bf5 6.Nc3 Nbd7 7.g3 e6 8.Bg2 Be7
9.O-O h6 10.Re1 Ne4 11.e3 O-O 12.Nd2 Nb6 13.Qe2 Nxc3 14.bxc3 Qc7 15.e4 Bh7
16.a4 Rad8 17.a5 Nd7 18.Nc4 e5 19.f4 exd4 20.cxd4 Nf6 21.Bb2 Rfe8 22.e5 Nd5
23.Ne3 Nxe3 24.Qxe3 a6 25.Rec1 Qd7 26.Rd1 Qe6 27.Ba3 Bf5 28.Qc3 Bxa3 29.Rxa3 Rd7
30.Rb3 Red8 31.Rb6 Qg6 32.Rd2 Be4 33.Bh3 Bf5 34.Bf1 h5 35.Qe3 h4 36.Bg2 Qh5
37.Bf3 Bg4 38.Be4 Bf5 39.Bf3 Bg4 40.Bg2 h3 41.Be4 Be6 42.Rb1 Bd5 43.Bc2 Be6
44.Be4 g6 45.Rc1 Bd5 46.Bc2 Be6 47.Be4 Kh8 48.Rc5 Bd5 49.Kf2 Bxe4 50.Qxe4 Qg4
51.Ke3 Rd5 52.Rxd5 Rxd5 53.f5 gxf5 54.Qxg4 fxg4 55.Kf4 Rxa5 56.Kxg4 b5 57.Kf5 Kg7
58.Rc2 b4 59.Rxc6 b3 60.Rc1 Rb5 61.Rb1 a5 62.d5 b2 63.d6 Kf8 64.Kf6 Ke8 65.e6 fxe6
66.Kxe6 a4 67.g4 a3 68.Rf1 Rb6  0-1

[Event "39th Olympiad Men"]
[Site "Khanty-Mansiysk RUS"]
[Date "2010.09.30"]
[Round "9"]
[White "Long,P"]
[Black "Santamaria,V"]
[Result "1-0"]
[WhiteElo "2302"]
[BlackElo "2085"]

1.Nf3 d5 2.c4 c6 3.g3 Nf6 4.Bg2 Bf5 5.cxd5 cxd5 6.Qb3 Qc8 7.Nc3 e6 8.d3 Nc6
9.Bf4 a6 10.O-O Nh5 11.Bd2 Bd6 12.e4 dxe4 13.dxe4 Bg4 14.e5 Bc7 15.Qa4 Bxf3
16.Bxf3 g6 17.Bxc6+ bxc6 18.Qxc6+ Kf8 19.Rfe1 Ng7 20.Bh6 Kg8 21.Rac1 Qb8
22.Na4 Ba5 23.Red1 Nf5 24.Bg5 h6 25.Bf6 Kh7 26.Bxh8 Kxh8 27.Rd7 Kg8 28.b4 Bd8
29.Rcd1  1-0

[Event "39th Olympiad Men"]
[Site "Khanty-Mansiysk RUS"]
[Date "2010.09.30"]
[Round "9"]
[White "Aronian,L"]
[Black "Kramnik,V"]
[Result "1/2-1/2"]
[WhiteElo "2783"]
[BlackElo "2780"]

1.Nf3 d5 2.c4 e6 3.g3 dxc4 4.Qa4+ Bd7 5.Qxc4 c5 6.Ne5 Nc6 7.Nxd7 Qxd7 8.Bg2 Nf6
9.O-O Be7 10.Qa4 Nd4 11.Qxd7+ Kxd7 12.Nc3 Rab8 13.Rd1 Rhd8 14.b3 Ke8 15.Bb2 Nd5
16.Rab1 Nxc3 17.dxc3 Nc6 18.f4 Rdc8 19.e4 c4 20.Kf2 cxb3 21.axb3 b5 22.e5 a5
23.Ra1 a4 24.bxa4 bxa4 25.Ba3 Rb3 26.Bxc6+  1/2-1/2

[Event "Highlands Open"]
[Site "Zdar nad Sazavou CZE"]
[Date "2010.09.30"]
[Round "7"]
[White "Burdalev,K"]
[Black "Wasik,Joz"]
[Result "1-0"]
[WhiteElo "2274"]
[BlackElo "1843"]

1.Nf3 d5 2.c4 c6 3.e3 e6 4.d4 Bd6 5.Bd3 f5 6.b3 Qe7 7.a4 a5 8.O-O Nf6 9.Ba3 Bxa3
10.Nxa3 Nbd7 11.c5 O-O 12.Nc2 Kh8 13.b4 axb4 14.Nxb4 Ne4 15.a5 e5 16.Qc2 Rf6
17.dxe5 Nxe5 18.Nxe5 Qxe5 19.f4 Qe7 20.Rfc1 Rh6 21.Bxe4 fxe4 22.Qf2 Bd7 23.a6 bxa6
24.Rxa6 Rf8 25.Ra7 g5 26.Qb2+ Kg8 27.Nxd5 cxd5 28.c6 gxf4 29.Rxd7 Qf6 30.Qxf6 Rhxf6
31.c7 fxe3 32.c8=Q e2 33.Qxf8+ Rxf8 34.Rxd5  1-0

[Event "21st Open"]
[Site "Goch GER"]
[Date "2010.10.01"]
[Round "2.5"]
[White "Schoonenberg,Olav"]
[Black "Siebrecht,S"]
[Result "0-1"]
[WhiteElo "2022"]
[BlackElo "2421"]

1.Nf3 d5 2.c4 d4 3.g3 g6 4.Bg2 Bg7 5.O-O Nc6 6.d3 e5 7.Na3 h6 8.Rb1 a5 9.Nc2 Nf6
10.a3 O-O 11.b4 axb4 12.axb4 e4 13.Nfe1 Re8 14.b5 Ne5 15.Bb2 c5 16.bxc6 Nxc6
17.Ra1 Rb8 18.Na3 Bf5 19.Nb5 Qd7 20.Nc2 exd3 21.exd3 Ng4 22.Ba3 Nge5 23.Nd6 Bxd3
24.Bxc6 bxc6 25.Nxd4 Bxf1 26.Nxe8 Rxe8 27.Kxf1 Qh3+ 28.Kg1 Rd8 29.Bc5 Ng4  0-1

[Event "39th Olympiad Men"]
[Site "Khanty-Mansiysk RUS"]
[Date "2010.10.01"]
[Round "10"]
[White "Zagorskis,D"]
[Black "Santamaria,V"]
[Result "1-0"]
[WhiteElo "2497"]
[BlackElo "2085"]

1.Nf3 d5 2.c4 c6 3.d4 Nf6 4.Qc2 g6 5.Bf4 Bg7 6.e3 Bf5 7.Qb3 Qb6 8.Nc3 Nbd7
9.h3 dxc4 10.Bxc4 Qxb3 11.Bxb3 Nb6 12.g4 Bd7 13.e4 e6 14.Ke2 Rc8 15.a4 a5
16.Nd2 Bf8 17.Be5 Bg7 18.Bd6 Bf8 19.Bc5 Na8 20.Nc4 b6 21.Nd6+ Bxd6 22.Bxd6 Ng8
23.d5 cxd5 24.exd5 Ne7 25.Rac1 Rd8 26.Ne4 exd5 27.Nf6+ Kf8 28.Nxd7+ Rxd7
29.Rc8+ Kg7 30.Be5+ f6 31.Bxf6+ Kxf6 32.Rxh8  1-0

[Event "39th Olympiad Men"]
[Site "Khanty-Mansiysk RUS"]
[Date "2010.10.01"]
[Round "10"]
[White "Beliavsky,A"]
[Black "Buhmann,R"]
[Result "1/2-1/2"]
[WhiteElo "2632"]
[BlackElo "2563"]

1.Nf3 d5 2.c4 c6 3.e3 Nf6 4.Nc3 a6 5.d4 e6 6.c5 b6 7.cxb6 Qxb6 8.Na4 Qa7
9.Bd2 a5 10.Rc1 Ne4 11.Bd3 Nxd2 12.Nxd2 Ba6 13.Qc2 Bxd3 14.Qxd3 Qa6 15.Ke2 Bd6
16.Qxa6 Rxa6 17.Nb3 Nd7 18.Rc2 Ke7 19.Rhc1 Rb8 20.Nd2 Rc8 21.h3 f6 22.f4 Kd8
23.g4 Kc7 24.f5 Re8 25.fxe6 Rxe6 26.Kd3 Bb4 27.Nb3 Ra8 28.Re2 Nb6 29.Nbc5 Bxc5
30.Nxc5 Re7 31.e4 dxe4+ 32.Rxe4 Rxe4 33.Kxe4 Re8+ 34.Kf3 Nd5 35.Ne4 Kb6 36.h4 g6
37.h5 f5 38.gxf5 gxf5 39.Nc3 Re3+ 40.Kf2 Rh3 41.Nxd5+ cxd5 42.Rc5 Rxh5 43.Rxd5 Rh2+
44.Ke3 Rxb2 45.a4 Rb3+ 46.Kd2 Rb4 47.Kc3 Rxa4 48.Rxf5 Ra1 49.Rh5 Rc1+ 50.Kb3 Rc7
51.Rh6+ Kb5 52.Rh5+ Kb6 53.Rh6+ Kb5  1/2-1/2

[Event "FSFMA October"]
[Site "Budapest HUN"]
[Date "2010.10.02"]
[Round "1"]
[White "Czibulka,Z"]
[Black "Tran Minh Thang"]
[Result "0-1"]
[WhiteElo "2080"]
[BlackElo "2018"]

1.Nf3 d5 2.c4 e6 3.g3 f5 4.Bg2 Nf6 5.b3 Bd6 6.Bb2 c6 7.O-O O-O 8.d4 Qe7 9.Nc3 Nbd7
10.Ne1 Ne4 11.Nd3 Ndf6 12.e3 Bd7 13.Qe2 Be8 14.f3 Bh5 15.Nf4 Nxc3 16.Bxc3 Bf7
17.Nd3 g5 18.e4 fxe4 19.fxe4 Bh5 20.Qe3 Nxe4 21.Bxe4 dxe4 22.Qxe4 Bg6 23.Qe3 Rf5
24.Rae1 Re8 25.Nf2 h5 26.Ne4 Bc7 27.Nc5 Bb6 28.Qxe6+ Qxe6 29.Rxe6 Rxe6 30.Nxe6 Re5
31.Rf8+ Kh7 32.Rf6 Bf5 33.c5 Rxe6 34.Rxf5 Kg6 35.Rf8 Bc7 36.Rg8+ Kh6 37.Rc8 Re7
38.b4 Kg6 39.a4 Kf5 40.b5 Ke4 41.bxc6 bxc6 42.Be1 Kxd4 43.Bf2+ Kc4 44.Rh8 Kb4
45.Rh6 Kxa4 46.Rxc6 Kb5 47.Rh6 a5 48.Rxh5 a4 49.Rxg5 Kc4 50.c6 Be5 51.c7 Bxc7
52.Rg4+ Kb5 53.Bd4 a3 54.Bc3 Bd6 55.h4 Rc7 56.Bf6 Be7 57.Be5 Rc5 58.Re4 Rc2
59.h5 Bg5 60.Bg7 a2 61.Re5+ Rc5 62.Rxc5+ Kxc5 63.Kf2 Kd5 64.h6 Bxh6 65.Bxh6 a1=Q
66.Bf4 Ke4 67.Ke2 Qa2+ 68.Bd2 Qc4+ 69.Kf2 Qc2 70.Ke2 Qd3+ 71.Ke1 Qxg3+  0-1

[Event "Highlands Open"]
[Site "Zdar nad Sazavou CZE"]
[Date "2010.10.02"]
[Round "9"]
[White "Burdalev,K"]
[Black "Siebenburger,V"]
[Result "1-0"]
[WhiteElo "2274"]
[BlackElo "2116"]

1.Nf3 d5 2.c4 c6 3.e3 Nf6 4.d4 e6 5.Nbd2 Nbd7 6.Bd3 Qc7 7.O-O Bd6 8.e4 dxe4
9.Nxe4 Bf4 10.Nxf6+ Nxf6 11.Re1 O-O 12.c5 b6 13.Ne5 Bxc1 14.Rxc1 Bb7 15.Qc2 Rfd8
16.Qc3 a5 17.Bb1 Rd5 18.cxb6 Qxb6 19.Red1 Rc8 20.Nc4 Qc7 21.Ne3 Rh5 22.h3 Qf4
23.Nf1 Rg5 24.Qe3 c5 25.g3 Nd5 26.Qe4 Qxe4 27.Bxe4 cxd4 28.Rxc8+ Bxc8 29.Rxd4 Bb7
30.Ne3 Kf8 31.h4 Rh5 32.Bxd5 exd5 33.Ra4 d4 34.Rxd4 Rb5 35.b3 Rc5 36.Kf1 Bf3
37.Ke1 f6 38.Kd2 g5 39.a3 Ke7 40.b4 axb4 41.axb4 Rb5 42.Kc3 h5 43.Nc4 gxh4
44.Rxh4 Bg4 45.Ne3 Be6 46.Rd4 Bf7 47.Ng2 Re5 48.Nf4 Re1 49.b5 Rc1+ 50.Kb4 Be8
51.Nd5+ Ke6 52.Nc3 Rc2 53.Re4+ Kf7 54.Re2 Rc1 55.b6 Bc6 56.Re3 Rc2 57.Kc5 Bb7
58.Kd6 Rxf2 59.Re7+ Kg6 60.Rxb7 Rf3 61.Nd5 Rxg3 62.Rb8 Rb3 63.b7 h4 64.Rg8+ Kf5
65.b8=Q Rxb8 66.Rxb8 h3 67.Rh8 Kg4 68.Nxf6+ Kg3 69.Nh5+  1-0

[Event "21st Open"]
[Site "Goch GER"]
[Date "2010.10.03"]
[Round "6.32"]
[White "Nent,A"]
[Black "Benning,Tim"]
[Result "0-1"]
[WhiteElo "2010"]
[BlackElo "2127"]

1.Nf3 d5 2.c4 c6 3.g3 Nf6 4.Bg2 e6 5.O-O Be7 6.d4 O-O 7.Nbd2 Nbd7 8.Qc2 b6
9.e4 Bb7 10.b3 dxe4 11.Nxe4 c5 12.Nxf6+ Nxf6 13.dxc5 Bxc5 14.Bb2 Be4 15.Qc3 Qe7
16.Rad1 Rad8 17.Qe5 Bd3 18.Rxd3 Rxd3 19.Qg5 h6 20.Qh4 Nd7 21.Qe4 Qd6 22.Qg4 f6
23.Qg6 Rd1 24.Ne1 Ne5 25.Qe4 Nd3 26.Nxd3 Rxd3 27.Qg6 e5 28.Bd5+ Rxd5 29.cxd5 Qxd5
30.Bc1 Qf7 31.Qg4 h5 32.Qf5 Rd8 33.h4 g6 34.Qe4 Kg7 35.Bb2 Qd5 36.Qa4 a5
37.Ba3 Bd4 38.Rc1 Qf3 39.Rc7+ Kh8 40.Rd7 Qxf2+  0-1

[Event "39th Olympiad Men"]
[Site "Khanty-Mansiysk RUS"]
[Date "2010.10.03"]
[Round "11"]
[White "Beliavsky,A"]
[Black "Leitao,R"]
[Result "1/2-1/2"]
[WhiteElo "2632"]
[BlackElo "2624"]

1.Nf3 d5 2.c4 d4 3.e3 Nc6 4.exd4 Nxd4 5.Nxd4 Qxd4 6.Nc3 c6 7.d3 Nh6 8.Be3 Qd8
9.d4 Nf5 10.Qd2 g6 11.Be2 Bg7 12.Rd1 O-O 13.O-O Qa5 14.d5 Nxe3 15.Qxe3 Qb6
16.Qd2 Rd8 17.Rfe1 Bd7 18.Bf3 Bf6 19.Re2 Kg7 20.Qf4 cxd5 21.Nxd5 Be6 22.h4 Bxd5
23.cxd5 Qd6 24.Qe4 Rac8 25.h5 b5 26.Rc2 Rc5 27.Rxc5  1/2-1/2

[Event "Tatry Open"]
[Site "Tatranske Zruby CZE"]
[Date "2010.10.04"]
[Round "4"]
[White "Dvorak,Li"]
[Black "Zemlicka,V"]
[Result "1-0"]
[WhiteElo "2091"]
[BlackElo "1962"]

1.Nf3 d5 2.c4 c6 3.g3 Nf6 4.Bg2 g6 5.cxd5 cxd5 6.d4 Bg7 7.O-O Nc6 8.Nc3 O-O
9.Ne5 e6 10.Nxc6 bxc6 11.Bf4 Nh5 12.Be3 e5 13.Rc1 Re8 14.Re1 Bd7 15.Na4 e4
16.Nc5 Bf8 17.Qa4 Bxc5 18.dxc5 f5 19.Bd4 Ng7 20.e3 Ne6 21.Bc3 Kf7 22.b4 a5
23.Qb3 axb4 24.Bxb4 Bc8 25.Red1 Ba6 26.a3 Bb5 27.Rd2 Qe7 28.Qc3 Qf6 29.Qb3 Bc4
30.Qd1 Bb5 31.Ra1 Ba4 32.Qc1 Reb8 33.Rb2 Qd8 34.Bf1 Kg7 35.Qc3+ Kf7 36.Rab1 Qc7
37.Be2 Bb5 38.Bd1 Ba4 39.Bxa4 Rxa4 40.Kg2 Raa8 41.Ra1 Rf8 42.a4 Rg8 43.a5 Rgb8
44.a6 Rb5 45.Ba5 Qc8 46.Rxb5 cxb5 47.Qe5 Qxc5 48.Bc3 d4 49.Bxd4 Qxe5 50.Bxe5 Nd8
51.Bd4 Nc6 52.Bb6 Ke6 53.a7 Kd5 54.Rd1+ Ke6 55.Bc5 Ne5 56.Rd6+ Kf7 57.Rd5 Ke6
58.Rd6+ Kf7 59.Bd4 Nc4 60.Rd7+  1-0

[Event "Karen Asrian Memorial"]
[Site "Jermuk ARM"]
[Date "2010.10.05"]
[Round "1"]
[White "Guramishvili,S"]
[Black "Manukyan,SaA"]
[Result "1-0"]
[WhiteElo "2343"]
[BlackElo "2012"]

1.Nf3 d5 2.c4 d4 3.g3 c5 4.Bg2 Nc6 5.O-O Nf6 6.d3 Bg4 7.Na3 e6 8.Nc2 Be7
9.Bd2 O-O 10.a3 a5 11.b4 b6 12.b5 Na7 13.Ne5 Rc8 14.Bf4 Bf5 15.e4 Bg6 16.h4 Nh5
17.Bd2 Bd6 18.Nxg6 fxg6 19.Bh3 Qe7 20.Qe2 Be5 21.Qg4 Rce8 22.f4 Bb8 23.e5 Nc8
24.Kh2 Rf7 25.Ne1 Qf8 26.Qe2 Kh8 27.Ng2 Qe7 28.Rae1 Ref8 29.g4 Nxf4 30.Bxf4 a4
31.Bg3 Qa7 32.Nf4  1-0

[Event "FSFMA October"]
[Site "Budapest HUN"]
[Date "2010.10.06"]
[Round "5"]
[White "Czibulka,Z"]
[Black "Borda,L"]
[Result "1/2-1/2"]
[WhiteElo "2080"]
[BlackElo "2107"]

1.Nf3 d5 2.c4 e6 3.b3 Nf6 4.Bb2 Be7 5.g3 O-O 6.Bg2 c5 7.O-O Nc6 8.d3 d4 9.Nbd2 e5
10.h3 h6 11.a3 Re8 12.Qc2 Bf5 13.Ne1 Rc8 14.e4 dxe3 15.fxe3 Qd7 16.Kh2 Rcd8
17.e4 Be6 18.Nb1 Nh7 19.Nc3 Nd4 20.Qd1 Ng5 21.g4 h5 22.gxh5 Bxh3 23.Nd5 Bxg2
24.Kxg2 Qh3+ 25.Kg1 Qg3+ 26.Kh1 Qh4+ 27.Kg2 Qh3+ 28.Kg1 Rxd5 29.exd5 Qg3+
30.Kh1 Qh3+  1/2-1/2

[Event "FSFMA October"]
[Site "Budapest HUN"]
[Date "2010.10.08"]
[Round "7"]
[White "Czibulka,Z"]
[Black "Farkas,R"]
[Result "1-0"]
[WhiteElo "2080"]
[BlackElo "1960"]

1.Nf3 d5 2.c4 dxc4 3.Qa4+ Nc6 4.Qxc4 Be6 5.Qc2 Qd7 6.a3 O-O-O 7.b4 Nf6 8.Bb2 Bf5
9.d3 e6 10.Nbd2 Be7 11.Rc1 a6 12.Nc4 Bd6 13.g3 Rhe8 14.Nfe5 Bxe5 15.Nxe5 Nxe5
16.Bxe5 Re7 17.Bg2 Ne8 18.Qc5 Kb8 19.O-O f6 20.Bf4 Nd6 21.Be3 Nc8 22.Qc2 g5
23.a4 e5 24.b5 a5 25.Qd2 b6 26.Rc6 Re6 27.Rfc1 Rxc6 28.Rxc6 Qe7 29.Qc3 Rd6
30.Bc1 Rd4 31.Ba3 Qd8 32.Rc4 Rxc4 33.Qxc4 Qd7 34.Bd5 Nd6 35.Qb3 h5 36.f3 g4
37.e4 Bh7 38.Be6 Qg7 39.fxg4 hxg4 40.Bxd6 cxd6 41.Qd5 Qc7 42.Bxg4 Qc5+ 43.Qxc5 dxc5
44.Be6 Kc7 45.Bc4 Kd6 46.g4 Ke7 47.Kf2 Kf8 48.Ke3 Kg7 49.Kd2 Kg6 50.h4 Kg7
51.Kc3 Kf8 52.Be6 Ke7 53.Bf5 Bg8 54.h5 Kf8 55.h6 Bf7 56.Bd7 Bg8 57.Bc6 Ke7
58.Bd5 Bh7 59.Kd2 Kf8 60.Ke3 Ke7 61.Bc4 Kf8 62.Kf3 Ke7 63.Kg3 Kf8 64.g5 Ke7
65.Kg4 Bg6 66.gxf6+ Kxf6 67.Bg8 Be8 68.h7 Bd7+ 69.Kh5 Kg7 70.Kg5 Bh3 71.Bb3 Bf1
72.Bc2 c4 73.dxc4 Bxc4 74.h8=Q+ Kxh8 75.Kf6 Kg8 76.Kxe5 Kf7 77.Kd6  1-0

[Event "TCh-NED"]
[Site "Netherlands NED"]
[Date "2010.10.09"]
[Round "2.10"]
[White "Verhoeven,T"]
[Black "Meurs,T"]
[Result "0-1"]
[WhiteElo "2184"]
[BlackElo "2168"]

1.Nf3 d5 2.c4 dxc4 3.e3 Nf6 4.Bxc4 a6 5.d4 e6 6.O-O b5 7.Be2 Bb7 8.a4 b4
9.Nbd2 Nbd7 10.a5 Be7 11.Nc4 O-O 12.b3 Ne4 13.Bb2 Rc8 14.Qc2 c5 15.Rfd1 Qc7
16.Bd3 Nef6 17.e4 h6 18.Qe2 Rfd8 19.Rac1 Qf4 20.Re1 cxd4 21.Bxd4 Bc5 22.Nb6 Bxd4
23.Nxc8 Bc3 24.Bxa6 Bxc8 25.Bxc8 Rxc8 26.e5 Nd5 27.Red1 Nc5 28.a6 Ra8 29.Qb5 Nxa6
30.Rc2 Nac7 31.Qc6 Qe4 32.Rcc1 Ra2 33.Qd7 Qe2 34.Rf1 g6 35.h4 Qb5 36.Qc8+ Qe8
37.Qb7 Qa8 38.Qxa8+ Nxa8 39.g3 Nac7  0-1

[Event "TCh-BEL 2010-11"]
[Site "Belgium BEL"]
[Date "2010.10.10"]
[Round "2.2"]
[White "Laurent,Ju"]
[Black "Docx,S"]
[Result "1/2-1/2"]
[WhiteElo "2278"]
[BlackElo "2342"]

1.Nf3 d5 2.c4 d4 3.g3 Nc6 4.Bg2 e5 5.d3 Nf6 6.O-O Bd6 7.e3 O-O 8.exd4 exd4
9.Na3 Bf5 10.Nc2 Bc5 11.a3 a5 12.b3 Re8 13.Rb1 Qe7 14.Re1 Qf8 15.Rxe8 Rxe8
16.Qd2 Qe7 17.b4 Ba7 18.bxa5 Bc8 19.Bb2 Qd6 20.Re1 Rxe1+ 21.Qxe1 Bf5 22.Qe2 h6
23.h3 Kf8 24.Bf1 Nd7 25.Qd2 Nde5 26.Nce1 Bc5 27.Nxe5 Qxe5 28.Bg2 Qd6 29.Nc2 g5
30.Bc1 Ne5 31.Ne1 Nc6 32.Nc2 Ne5 33.Ne1 Nc6  1/2-1/2

[Event "TCh-BEL 2010-11"]
[Site "Eupen BEL"]
[Date "2010.10.10"]
[Round "2.1"]
[White "Chuchelov,V"]
[Black "Burg,T"]
[Result "1/2-1/2"]
[WhiteElo "2565"]
[BlackElo "2455"]

1.Nf3 d5 2.c4 c6 3.e3 Nf6 4.Nc3 g6 5.d4 Bg7 6.Be2 O-O 7.O-O dxc4 8.Bxc4 Nbd7
9.h3 b5 10.Be2 Bb7 11.a3 Qc7 12.Qc2 Rac8 13.Bd2 a6 14.b4 e5 15.Rac1 exd4
16.exd4 Rfe8 17.Rfe1 Rcd8 18.Bg5 Nf8 19.Bxf6 Bxf6 20.Ne4 Bg7 21.Nc5 Bc8 22.Bd3 Rxe1+
23.Rxe1 Bxd4 24.Nxd4 Rxd4 25.Re8 Bd7 26.Ra8 Qd6 27.Ne4 Qe5 28.Qc5 Qxc5 29.Nxc5 Kg7
30.Be4 Ne6 31.Nxe6+ fxe6 32.f3 e5 33.Rxa6 Rd6 34.Kf2 h5 35.h4 Kf6 36.Ke3 Kf7
37.a4 Rd4 38.axb5 cxb5 39.Bxg6+ Ke7 40.Be4 Rxb4 41.Rg6 Rb3+ 42.Kd2 b4 43.Rg5 Kd6
44.Bg6 Rb2+ 45.Kc1 Rf2 46.Bxh5 Kd5 47.Bf7+ Kd4 48.h5 Kc3 49.Kd1 Bb5 50.Rxe5 Rf1+
51.Re1 Ba4+ 52.Ke2 Bb5+ 53.Kd1 Ba4+ 54.Ke2  1/2-1/2

[Event "4NCL Individual Rapid"]
[Site "Newport Pagnell ENG"]
[Date "2010.10.10"]
[Round "3"]
[White "Pritchett,C"]
[Black "Rudd,J"]
[Result "1-0"]
[WhiteElo "2314"]
[BlackElo "2251"]

1.Nf3 d5 2.c4 d4 3.g3 Nc6 4.Bg2 e5 5.d3 Bf5 6.O-O Qd7 7.a3 Bh3 8.b4 f6 9.b5 Nd8
10.e3 Bxg2 11.Kxg2 Ne6 12.exd4 Nxd4 13.Bb2 Nxf3 14.Qxf3 O-O-O 15.Rd1 Nh6
16.d4 Qf5 17.d5 Qxf3+ 18.Kxf3 Nf7 19.Nd2 b6 20.a4 Bb4 21.Nb3 Nd6 22.Rdc1 Nb7
23.Bc3 Bd6 24.a5 Kd7 25.axb6 axb6 26.Ra7 Nc5 27.Nxc5+ Bxc5 28.h4 Rhe8 29.Bd2 e4+
30.Ke2 f5 31.Be3 Ra8 32.Rca1 Rxa7 33.Rxa7 Bd6 34.Bxb6 h6 35.c5 Be5 36.d6  1-0

[Event "4NCL Individual Rapid"]
[Site "Newport Pagnell ENG"]
[Date "2010.10.10"]
[Round "4"]
[White "Pritchett,C"]
[Black "Sherwin,J"]
[Result "1-0"]
[WhiteElo "2314"]
[BlackElo "2246"]

1.Nf3 d5 2.c4 c6 3.e3 Nf6 4.d4 Bf5 5.Nc3 e6 6.Qb3 Qb6 7.Nh4 Be4 8.Qxb6 axb6
9.f3 Bg6 10.Bd2 Nbd7 11.Kf2 Be7 12.Nxg6 hxg6 13.Bd3 O-O 14.Rhc1 Rfe8 15.h3 Bd6
16.a4 Bb4 17.b3 Rad8 18.Ra2 Kh8 19.g4 Nb8 20.h4 Na6 21.h5 gxh5 22.g5 Ng8
23.g6 f5 24.Rh1 Nf6 25.cxd5 cxd5 26.Ne2 Bd6 27.f4 Kg8 28.Ng3 Kf8 29.Bb5 Re7
30.Nxh5 Ne4+ 31.Kf3 Rc7 32.Ng3 Nxg3 33.Kxg3 Ke7 34.Kf3 Kf6 35.a5 Nb4 36.axb6 Nxa2
37.bxc7 Bxc7 38.Ra1 Ra8 39.Ba4 Bd6 40.Rxa2 b5 41.Ke2 Kxg6 42.Kd3 Kh5 43.Be1 bxa4
44.bxa4 g5 45.fxg5 Kxg5 46.a5 Ra6 47.Bd2 f4 48.Be1 Kg4 49.Rg2+ Kf3 50.Rg6 Bc7
51.Rf6 Bxa5 52.Rxf4+ Kg2 53.Rf2+ Kg1 54.Ra2 Bxe1 55.Rxa6 Kg2 56.Rxe6 Kf3
57.Re5 Bf2 58.Rf5+ Kg3 59.Rxd5 Kf3 60.e4 Kf4 61.Rf5+  1-0

[Event "TCh-HUN 2010-11"]
[Site "Paks HUN"]
[Date "2010.10.10"]
[Round "1"]
[White "Beliavsky,A"]
[Black "Berkes,F"]
[Result "0-1"]
[WhiteElo "2632"]
[BlackElo "2678"]

1.Nf3 d5 2.c4 e6 3.g3 dxc4 4.Qa4+ c6 5.Qxc4 b5 6.Qb3 Bb7 7.Bg2 Nd7 8.O-O a6
9.d3 Ngf6 10.Nc3 Be7 11.Nd2 O-O 12.a4 Nd5 13.axb5 Nc5 14.Qd1 cxb5 15.Nde4 Nxe4
16.Nxe4 a5 17.Nc3 Nxc3 18.bxc3 Bxg2 19.Kxg2 Qc7 20.Bd2 Rfc8 21.Qb3 a4 22.Qa2 Bf6
23.Rac1 a3 24.f3 Qe5 25.Rfe1 b4 26.Bf4 Qd5 27.c4 Qa5 28.Rb1 b3 29.Qxb3 a2
30.Ra1 g5 31.Bd6 Qd2 32.Qb5 Qe3 33.f4 Bxa1 34.Qxg5+ Bg7 35.Be5 f6  0-1

[Event "Continental Class Ch"]
[Site "Arlington USA"]
[Date "2010.10.11"]
[Round "9"]
[White "Williams,Justus D"]
[Black "Santarius,E"]
[Result "0-1"]
[WhiteElo "2155"]
[BlackElo "2249"]

1.Nf3 d5 2.c4 e6 3.g3 dxc4 4.Bg2 c5 5.O-O Nf6 6.Na3 Be7 7.Nxc4 O-O 8.Nfe5 Nfd7
9.d4 cxd4 10.Qxd4 Nxe5 11.Qxe5 Nc6 12.Bxc6 bxc6 13.Na5 Qd5 14.Qc3 Bd7 15.Bd2 Rab8
16.Qc2 e5 17.e4 Qb5 18.b3 Rbc8 19.Nc4 f5 20.a4 Qb8 21.Bc3 fxe4 22.Bxe5 Qb4
23.Qxe4 Bh3 24.Bxg7 Kxg7 25.Rfe1 Bf6  0-1

[Event "I Memorial Oliver Gonzalez"]
[Site "Madrid ESP"]
[Date "2010.10.14"]
[Round "6"]
[White "Herraiz Hidalgo,H"]
[Black "Serrano Salvador,E"]
[Result "1-0"]
[WhiteElo "2480"]
[BlackElo "2352"]

1.Nf3 d5 2.c4 c6 3.e3 Nf6 4.Nc3 e6 5.b3 Nbd7 6.Bb2 Bd6 7.Qc2 O-O 8.Be2 a6
9.Rg1 e5 10.g4 e4 11.g5 Ne8 12.Nd4 Bxh2 13.Rh1 Qxg5 14.cxd5 Qg2 15.Qxe4 Qxe4
16.Nxe4 Be5 17.dxc6 bxc6 18.f4 Nef6 19.fxe5 Nxe4 20.e6 fxe6 21.Nxe6 Rf7 22.Nd8 Rf2
23.Bc4+ Kf8 24.Ne6+ Ke7 25.Ng5 Ndc5 26.Nxe4 Nxe4 27.Rh4  1-0

[Event "TCh-CHN"]
[Site "Guangzhou CHN"]
[Date "2010.10.15"]
[Round "15"]
[White "Yang Kaiqi"]
[Black "Ma Qun"]
[Result "1/2-1/2"]
[WhiteElo "2396"]
[BlackElo "2369"]

1.Nf3 d5 2.c4 c6 3.e3 Nf6 4.Nc3 a6 5.d4 b5 6.b3 Bg4 7.h3 Bxf3 8.Qxf3 e6 9.Qd1 Bb4
10.Bd2 Bxc3 11.Bxc3 Ne4 12.Qc2 Nxc3 13.Qxc3 O-O 14.Bd3 Nd7 15.O-O dxc4 16.bxc4 Qe7
17.Be4 Rfc8 18.Rfc1 b4 19.Qc2 Nf6 20.Bf3 Rab8 21.Qa4 Qc7 22.c5 a5 23.a3 e5
24.axb4 axb4 25.dxe5 Qxe5 26.Rab1 Nd5 27.Bxd5 Qxd5 28.Rxb4 Ra8 29.Qc2 Ra2
30.Rb2 Rxb2 31.Qxb2 h5 32.Qd4 Qxd4 33.exd4 Rd8 34.Rd1 f6 35.d5 cxd5 36.Kf1 Kf7
37.Ke2 Ke6 38.Kd3 Ra8 39.Re1+ Kd7 40.Kd4 Ra2 41.Kxd5 Rd2+ 42.Kc4 Rxf2 43.g4 hxg4
44.hxg4 Rc2+ 45.Kd5 Rd2+ 46.Kc4 Rc2+ 47.Kd5  1/2-1/2

[Event "32nd Open"]
[Site "Arco ITA"]
[Date "2010.10.16"]
[Round "1"]
[White "Dieli,R"]
[Black "Dittmar,P"]
[Result "0-1"]
[WhiteElo "1906"]
[BlackElo "2328"]

1.Nf3 d5 2.c4 d4 3.g3 Nc6 4.Bg2 e5 5.d3 Nf6 6.O-O Nd7 7.a3 a5 8.b3 Be7 9.Bb2 O-O
10.e3 Nc5 11.exd4 exd4 12.Re1 Bf6 13.Qc2 Bf5 14.Bf1 g5 15.h3 h5 16.Nbd2 g4
17.hxg4 hxg4 18.Nh2 Qd7 19.Ne4 Bxe4 20.dxe4 d3 21.Bxd3 Bxb2 22.Qxb2 Nxd3
23.Qd2 f6 24.Nxg4 Qxg4 25.Qxd3 Ne5 26.Qd5+ Kg7 27.Re3 Rad8 28.Qxa5 Rh8  0-1

[Event "Lichtenrader Herbst"]
[Site "Berlin GER"]
[Date "2010.10.18"]
[Round "3"]
[White "Shapiro,Y"]
[Black "Meister,Jak"]
[Result "0-1"]
[WhiteElo "2100"]
[BlackElo "2479"]

1.Nf3 d5 2.c4 d4 3.e3 c5 4.b4 dxe3 5.fxe3 cxb4 6.d4 Nf6 7.Bd3 Bg4 8.Qa4+ Qd7
9.Qxd7+ Nbxd7 10.Bb2 e5 11.Nbd2 exd4 12.exd4 Be7 13.O-O O-O 14.Rfe1 Rfe8
15.Ne5 Nxe5 16.Rxe5 Bd6 17.Ree1 Rad8 18.Ne4 Nxe4 19.Bxe4 b6 20.Bc6 Re2 21.Rxe2 Bxe2
22.Bb5 Kf8 23.Kf2 Bg4 24.h3 Bc8 25.Bc6 Be6 26.Bb5 Rc8 27.Rc1 Bf4 28.Rc2 Bf5
29.Re2 Bd3 30.Re1 Bxc4 31.Bxc4 Rxc4 32.Kf3 Rc2 33.Rb1 Bd6 34.h4 a5 35.g4 a4
36.Ke4 a3  0-1

[Event "Lichtenrader Herbst"]
[Site "Berlin GER"]
[Date "2010.10.20"]
[Round "5"]
[White "Shapiro,Y"]
[Black "Nosek,R"]
[Result "1-0"]
[WhiteElo "2100"]
[BlackElo "1924"]

1.Nf3 d5 2.c4 d4 3.e3 c5 4.b4 Bf5 5.exd4 cxd4 6.Bb2 Nc6 7.b5 Qb6 8.d3 Rd8
9.Be2 e6 10.O-O Nb8 11.Nbd2 Nf6 12.Nb3 Nbd7 13.Bxd4 Nc5 14.Nh4 Bg6 15.Nxg6 hxg6
16.g3 Qc7 17.Bxc5 Bxc5 18.Nxc5 Qxc5 19.Qc1 g5 20.Qe3 Rd4 21.f4 g4 22.f5 e5
23.Rf4 O-O 24.Rxd4 exd4 25.Qf4 Qe7 26.Bf1 Re8 27.Qf2 Qd7 28.Re1 Rc8 29.Re5 b6
30.h3 Kf8 31.Qf4 gxh3 32.Bxh3 Rc5 33.Rxc5 bxc5 34.Qe5 Qe7 35.Qxe7+ Kxe7 36.Kf2 Nd7
37.a4 Ne5 38.Ke2 f6 39.Bg2 Kd6 40.Bd5 Kc7 41.a5 Kc8 42.Be4 Kc7 43.Kf2 Kc8
44.Kg2 Nf7 45.Kf3 Kc7 46.Kg4 Kc8 47.Kf3 Kc7 48.g4 Ne5+ 49.Kg3 Kc8 50.Kh4 Nf7
51.Kh5 Ne5 52.g5 Kc7 53.gxf6 gxf6 54.Kh6 Ng4+ 55.Kg7 Nf2 56.Bf3 Nxd3 57.Kxf6 Nb2
58.Ke7 Nxc4 59.f6 d3 60.f7 Ne5 61.Be4 c4 62.f8=Q  1-0